[Event "POL-chT U20 2nd League"]
[Site "Sypniewo"]
[Date "2025.06.20"]
[Round "3.35"]
[White "Wawrzyniak, Aleksandra"]
[Black "Cichon, Julia"]
[Result "0-1"]
[WhiteElo "1452"]
[BlackElo "1573"]
[PlyCount "88"]
[EventDate "2025.06.18"]
[EventType "team-swiss"]
[EventRounds "9"]
[EventCountry "POL"]
[SourceTitle "CB27_2025"]
[SourceDate "2025.07.02"]
[SourceVersion "1"]
[SourceVersionDate "2025.07.02"]
[SourceQuality "1"]
[WhiteTeam "Ostrow Wielkopolski"]
[BlackTeam "Czerwionka Leszczyny Skoczek"]
[WhiteTeamCountry "POL"]
[BlackTeamCountry "POL"]

1. e4 c5 2. Nf3 d5 3. exd5 Qxd5 4. Nc3 Qd6 5. d4 e6 6. Be3 Nd7 7. Qd2 Ngf6 8. 0-0-0 a6 9. dxc5 Qxd2+ 10. Rxd2 Nxc5 11. Be2 Be7 12. Rhd1 0-0 13. h3 b5 14. a3 Bb7 15. b4 Nce4 16. Nxe4 Bxe4 17. g3 Rac8 18. Kb2 Nd5 19. Bd4 Rfd8 20. h4 f6 21. g4 Nf4 22. Ng1 e5 23. Bb6 Rxd2 24. Rxd2 Nd5 25. Be3 Nxe3 26. fxe3 Kf7 27. Bf3 Bxf3 28. Nxf3 Ke6 29. e4 Rc4 30. Re2 Bd8 31. c3 Bb6 32. Nd2 Rc8 33. Kb3 g6 34. Nf3 Rd8 35. Kc2 Rd6 36. g5 f5 37. exf5+ Kxf5 38. Rxe5+ Kf4 39. Re7 Kxf3 40. Rxh7 Kg4 41. Kb3 Bf2 42. a4 Bxh4 43. axb5 axb5 44. Rb7 Rd5 0-1